000 00938cam a2200241 4500
001 WB3613-29
008 000000n2000 000 0 eng u
035 _a(Sirsi) u105046
245 _aTenants' deposits
260 _c2000
490 _aSunday Telegraph
_v26 March 2000, B11
490 _aDETR News Release
_v(212) 28 March 2000 (5)
520 _aA government -sponsored pilot scheme is aiming to resolve disputes between tenants and landlords who refuse to return rental deposits at the end of a tenancy. The scheme will last two years and requires participating landlords to pay tenants deposits into a central account or take out insurance.
590 _aWB
650 _aPRIVATE RENTED SECTOR
650 _aDEPOSITS
650 _aLANDLORDS
650 _aTENANTS
650 _aNATIONAL FEDERATION OF RESIDENTIAL LANDLORDS
650 _aWITHHOLDING
690 _aPROPERTY MANAGEMENT-RESIDENTIAL PROPERTY
942 _n0
999 _c62994
_d62994